| 000 | 00471pab a2200169 454500 | ||
|---|---|---|---|
| 008 | 180718b2010 xxu||||| |||| 00| 0 eng d | ||
| 100 | _aAraj, Bader | ||
| 245 | _aOpportunity, culture and agency: Influences on Fatah and Hamas strategic action during the second intifada | ||
| 260 | _c2010 | ||
| 300 | _ap.842-868. | ||
| 362 | _aNov | ||
| 650 | _aSocial movements | ||
| 700 | _aBrym, Robert J. | ||
| 773 | _aInternational Sociology | ||
| 908 | _aN | ||
| 909 | _a89910 | ||
| 999 |
_c89910 _d89910 |
||